02227nam a2200361 a 4500001001200000003000800012006001900020007001500039008004100054010001700095020003900112020002700151040002100178035002100199043001200220050002200232082002000254100003000274245013800304260005800442300002800500490007300528504005100601505064800652533015201300650005201452650005701504650005801561655002901619710001701648830007401665856012601739ebr10692204CaPaEBRm u cr cn|||||||||121026s2013 cauab sb 001 0 eng d z 2012043939 z9780804784115 (cloth : alk. paper) z9780804786133 (e-book) aCaPaEBRcCaPaEBR a(OCoLC)846955031 aa-ko---14aR627b.D56 2013eb04a362.10951952231 aDiMoia, John Paul,d1966-10aReconstructing bodiesh[electronic resource] :bbiomedicine, health, and nation-building in South Korea since 1945 /cJohn P. DiMoia. aStanford, Calif. :bStanford University Press,c2013. ax, 280 p. :bill., map.1 aStudies of the Weatherhead East Asian Institute, Columbia University aIncludes bibliographical references and index.0 aMedicine and its fragments, 1945-1948 -- Mobilizing new models of public health and medicine, 1945-1948 -- From Minneapolis to Seoul : transforming surgery, clinical practice, and professional identity at Seoul National University Hospital, 1954-1968 -- Family planning and nation-building in South Korea (1961-mid-1970s) -- Taking samples for the nation : historicizing the biological sample in the South Korean anti-parasite campaigns, (1969-1995) -- Reconstructing the face : Asian blepharoplasty, professional expertise, and the development of a plastic surgery market (1954-present) -- Conclusion : challenging developmental expectations. aElectronic reproduction.bPalo Alto, Calif. :cebrary,d2013.nAvailable via World Wide Web.nAccess may be limited to ebrary affiliated libraries. 0aMedicinezKorea (South)xHistoryy20th century. 0aPublic healthzKorea (South)xHistoryy20th century. 0aMedical policyzKorea (South)xHistoryy20th century. 7aElectronic books.2local2 aebrary, Inc. 0aStudies of the Weatherhead East Asian Institute, Columbia University.40uhttp://site.ebrary.com/lib/rucke/Doc?id=10692204zAn electronic book accessible through the World Wide Web; click to view